10 Biggest South American Countries by Area - Statistics

General Stats
  • This quiz has been taken 40 times
  • The average score is 9 of 10
Answer Stats
km² Country % Correct
2,796,427 Argentina
100%
8,510,346 Brazil
100%
756,102 Chile
100%
1,141,748 Colombia
97%
1,285,216 Peru
97%
1,098,581 Bolivia
91%
406,752 Paraguay
91%
929,690 Venezuela
91%
257,215 Ecuador
86%
214,969 Guyana
86%
No matching quizzes found
Score Distribution
Percent of People with Each Score
Percentile by Number Answered
Your Score History
You have not taken this quiz